Statistics for Countries that border iran

Click here to take the quiz!

General Stats

  • This quiz has been taken 14 times
  • The average score is 6 of 7

Answer Stats

Countries% Correct
Iraq
100%
Pakistan
92%
Turkey
92%
Afghanistan
75%
Armenia
75%
Turkmenistan
75%
Azerbaijan
58%

Score Distribution

Percentile by Number Answered

Percent of People with Each Score

Your Score History

You have not taken this quiz